ბათუმის შოთა რუსთაველის სახელმწიფო უნივერსიტეტის ბიბლიოთეკა

Методика преподавания математики в средней школе. (ბიბ.ჩანაწერი № 38700)

000 -LEADER
fixed length control field 00779nam a2200229Ia 4500
001 - CONTROL NUMBER
control field 4964
003 - CONTROL NUMBER IDENTIFIER
control field GE_BSU
008 - FIXED-LENGTH DATA ELEMENTS--GENERAL INFORMATION
fixed length control field 181216s||||||||xx |||||||||||||| ||und||
040 ## - CATALOGING SOURCE
Transcribing agency GE_BSU
080 ## - UNIVERSAL DECIMAL CLASSIFICATION NUMBER
Universal Decimal Classification number 51(072)
100 ## - MAIN ENTRY--PERSONAL NAME
Personal name Брадис, В.М.
245 ## - TITLE STATEMENT
Title Методика преподавания математики в средней школе.
245 ## - TITLE STATEMENT
Remainder of title учеб пособие для подготовить. ин-тов и гос. ун-тов.
245 ## - TITLE STATEMENT
Statement of responsibility, etc. Под ред. А.И. Маркушевича.
250 ## - EDITION STATEMENT
Edition statement 3-е изд.
260 ## - PUBLICATION, DISTRIBUTION, ETC.
Place of publication, distribution, etc. Москва
260 ## - PUBLICATION, DISTRIBUTION, ETC.
Name of publisher, distributor, etc. Учпедгиз
260 ## - PUBLICATION, DISTRIBUTION, ETC.
Date of publication, distribution, etc. 1954
300 ## - PHYSICAL DESCRIPTION
Extent 503 с. 22 см.
653 ## - INDEX TERM--UNCONTROLLED
Uncontrolled term Методика преподавания математики в средней школе.
942 ## - ADDED ENTRY ELEMENTS (KOHA)
Koha item type წიგნი
ეგზემპლარები
Withdrawn status Lost status Damaged status Not for loan Date acquired Barcode Date last seen Price effective from Koha item type Public note
        2018-12-17 15966 2018-12-17 2018-12-17 წიგნი დარბაზი